000
00251nam a2200109 4500
001
3562
090
_a
3562
100
_a
20190723b u||y0fre||u0ba y50
200
_a
Groupe action Brésil M.A.I
_b
Périodique
210
_a
Suisse
801
_a
CH
_b
CH-002049-8
955
_r
1970: janvier